Missing Word: 'S' Song Endings Quiz Stats

 Plays Quiz Updated Mar 12, 2015

Challenge
Share
Tweet
Embed
Score 0/20 Timer 04:00
4 Plays Today
Song Missing Word % Correct
Like A Rolling _____Stone
96.5%
House Of The Rising _____Sun
96%
Yellow _____Submarine
93.8%
Hit Me With Your Best _____Shot
93.4%
Safe And _____Sound
89.7%
Smells Like Teen _____Spirit
89.1%
I Will _____Survive
87.1%
I've Got You Under My _____Skin
84.4%
Da Ya Think I'm _____?Sexy
83.7%
Ace Of _____Spades
81.5%
Song Missing Word % Correct
A Boy Named _____Sue
79.3%
Nights In White _____Satin
73.5%
I Write The _____Songs
73.4%
Don't _____Speak
58.1%
Gimme _____Shelter
57.7%
Stray Cat _____Strut
46.6%
Dirt Off Your _____Shoulder
40.7%
Rump _____Shaker
30.1%
Sweet Little _____Sixteen
26.6%
Sunshine _____Superman
24.3%

Today's Daily Dose

You're not logged in!

Compare scores with friends on all Sporcle quizzes.
OR
Log In

You Might Also Like...

Show Comments

Extras

Top Quizzes Today


Score Distribution

Your Account Isn't Verified!

In order to create a playlist on Sporcle, you need to verify the email address you used during registration. Go to your Sporcle Settings to finish the process.

Report this User

Report this user for behavior that violates our Community Guidelines.

Details: